Teoría y problemas de Microeconomía/ (Registro nro. 7851)

Detalles MARC
000 -LEADER
fixed length control field 01183nam a2200217Ia 4500
005 - FECHA Y HORA DE LA ÚLTIMA TRANSACCIÓN
control field 20230418164602.0
008 - FIXED-LENGTH DATA ELEMENTS--GENERAL INFORMATION
fixed length control field 230418s9999 xx 000 0 und d
020 ## - INTERNATIONAL STANDARD BOOK NUMBER
International Standard Book Number 968-451-198-1
040 ## - CATALOGING SOURCE
Original cataloging agency UPAN
Transcribing agency Biblioteca San Vicente
Description conventions RCAA2
041 ## - LANGUAGE CODE
Language code of text/sound track or separate title spa
082 ## - DEWEY DECIMAL CLASSIFICATION NUMBER
Classification number 330.1
Item number S182m
100 ## - MAIN ENTRY--PERSONAL NAME
Personal name Salvatore, Dominick
Relator code aut.
245 #0 - TITLE STATEMENT
Title Teoría y problemas de Microeconomía/
Statement of responsibility, etc Dominic Salvatore; Jorge Cárdenas Nannetti
250 ## - EDITION STATEMENT
Edition statement 1ª ed.
260 ## - PUBLICATION, DISTRIBUTION, ETC. (IMPRINT)
Place of publication, distribution, etc Colombia:
Name of publisher, distributor, etc McGraw Hill,
Date of publication, distribution, etc 1976
300 ## - PHYSICAL DESCRIPTION
Extent 279 p.;
Dimensions 28 cm.
505 ## - FORMATTED CONTENTS NOTE
Formatted contents note 1. Introducción.<br/>2. Demanda, Oferta y equilibrio: Consideraciones generales <br/>3. Medida de la elasticidad<br/>4. Demanda del consumidor: teoría de la utilidad<br/>5. Demanda del consumidor: teoría de las curvas de indiferencias<br/>6. Teoría de la producción<br/>7. Costos de producción<br/>8. Precio y producto bajo competencia perfecta<br/>9. Precio y producto bajo monopolio puro<br/>10. Precio y producto bajo competencia monopolista y oligopolio<br/>11. Fijación de precios y empleo de los factores de producción<br/>12. Equilibrio general y economía del bienestar<br/>
650 ## - SUBJECT ADDED ENTRY--TOPICAL TERM
Source of heading or term LEMB
General subdivision Economía - Teoría
650 ## - SUBJECT ADDED ENTRY--TOPICAL TERM
Source of heading or term LEMB
General subdivision Precios
942 ## - ADDED ENTRY ELEMENTS (KOHA)
Koha item type Libros
Source of classification or shelving scheme Dewey Decimal Classification
Existencias
Withdrawn status Lost status Source of classification or shelving scheme Damaged status Not for loan Collection code Home library Current library Date acquired Total Checkouts Full call number Barcode Date last seen Price effective from Koha item type
    Dewey Decimal Classification     Colección General Biblioteca UPAN San Vicente Biblioteca UPAN San Vicente 18/04/2023   330.1 S182m 12000391 18/04/2023 18/04/2023 Libros